[Event "Belgrade GMA op"]
[Site "Belgrade"]
[Date "1988.??.??"]
[Round "?"]
[White "Kupreichik, Viktor D"]
[Black "Anand, Viswanathan"]
[Result "0-1"]
[WhiteElo "2485"]
[BlackElo "2555"]
[Annotator "Anand,V"]
[PlyCount "100"]
[EventDate "1988.12.??"]
[EventType "swiss"]
[EventRounds "9"]
[EventCountry "YUG"]
[SourceTitle "TD"]
[Source "ChessBase"]
[SourceDate "1994.03.01"]
[SourceVersion "1"]
[SourceVersionDate "1994.03.01"]
[SourceQuality "1"]

1. e4 e5 2. Nf3 Nc6 3. Bb5 a6 4. Ba4 Nf6 5. d3 d6 6. c3 Bd7 7. Nbd2 g6 8. O-O
Bg7 9. Re1 O-O 10. d4 $5 (10. Nf1) 10... Re8 11. a3 Bh6 $5 {N} (11... h6) 12.
Bc2 a5 $1 {/\ a4} 13. Rb1 Bg7 (13... a4 $2 14. Bxa4 Nxd4 15. Bxd7 Nxf3+ 16.
Nxf3 $18) 14. b4 (14. Nf1 $2 a4 $15) 14... axb4 15. axb4 exd4 16. cxd4 Nh5 $1
17. d5 Na7 18. Nc4 $1 Nb5 19. Qd3 b6 (19... Bg4 20. Na5) (19... c6 20. dxc6
Bxc6 21. Na5 {/\ Bb3}) 20. h3 (20. Bd2 Qf6 $132 21. Bg5 $6 Qc3) 20... Nf6 (
20... Qf6 21. Bb2 $16) 21. Bg5 (21. Bd2 $2 Nxe4 $17) 21... h6 22. Bh4 $6 Qc8
23. g4 $2 {><e5} Nxe4 $8 (23... h5 24. e5 dxe5 25. Nfxe5 $1 (25. Bxf6 Bxf6 26.
Nfxe5 hxg4 27. Nxf7 $1 Bf5 28. Nh6+ Kg7 29. Nxf5+ Qxf5) 25... hxg4 26. Nxg6
fxg6 27. Qxg6 Rxe1+ 28. Rxe1 Qf8 29. Bxf6 Qxf6 30. Qh7+ Kf8 31. Ne5 Be8 32.
Nxg4 $40) 24. Rxe4 Rxe4 25. Qxe4 Nc3 26. Qd3 $8 Nxb1 27. Bxb1 Ra1 $2 (27... h5
$1 $17 28. gxh5 Bf5 29. Qd1 Bxb1 30. Qxb1 Ra1) 28. Ncd2 h5 29. gxh5 Bf5 30. Ne4
$1 (30. Qf1 Bxb1 31. Nxb1 Qf5 32. Nfd2 Bh6 $19) (30. Qb3 Bxb1 31. Nxb1 Qf5 32.
Nfd2 Qf4 $19) 30... c6 $1 (30... Bxe4 31. Qxe4 Qf5 (31... Qxh3 32. hxg6) 32.
Qe8+ (32. Qxf5 gxf5 33. Nd2 Bc3 $1 $19) 32... Bf8 33. Be7 Qxb1+ (33... Rxb1+
34. Kg2 $16) 34. Kg2 Qh1+ 35. Kg3 Rg1+ 36. Nxg1 (36. Kf4 g5+ $1 37. Ke3 Re1+
$19) (36. Kh4 Qxf3 $19) 36... Qxg1+ 37. Kf3 Qd1+ 38. Kg3 $11) 31. Nfd2 cxd5 32.
Qxd5 Qe6 (32... Bxe4 $2 33. Qxe4 Qc1+ 34. Kg2 Qxd2 35. hxg6 $16) 33. Qxe6 $8 (
33. Qc6 Rxb1+ $19) (33. Qb5 Rxb1+ $19) 33... fxe6 34. Kh2 $1 (34. Kg2 Rxb1 $19)
34... Rxb1 35. Nxb1 Bxe4 36. Nd2 Bd5 (36... Bd3 $17) 37. hxg6 Bc3 38. Nf1 Be4 (
38... Bxb4 $2 39. Bf6 Be4 40. g7 $132) 39. b5 Bxg6 $17 40. Ne3 Bd4 41. Nc4 d5
42. Nd6 Kf8 43. Kg2 Bc5 44. Nb7 (44. Nc8 d4 $19) 44... Be7 45. Bg3 Ke8 46. Bc7
d4 $1 $19 47. Kf3 d3 {/\ Be4} 48. Ke3 (48. Nd6+ Kd7) (48. Bf4 Kd7 (48... Bb4 $2
49. Nd6+)) 48... Bb4 $1 49. f3 d2 50. Ke2 Bc2 0-1

[Event "Tata Steel-A 76th"]
[Site "Wijk aan Zee"]
[Date "2014.01.25"]
[Round "10"]
[White "Dominguez Perez, Leinier"]
[Black "Aronian, Levon"]
[Result "0-1"]
[WhiteElo "2754"]
[BlackElo "2812"]
[Annotator "Aronian,L"]
[PlyCount "84"]
[EventDate "2014.01.11"]
[EventType "tourn"]
[EventRounds "11"]
[EventCountry "NED"]
[EventCategory "20"]
[SourceTitle "CBM 159"]
[Source "ChessBase"]
[SourceDate "2014.03.17"]
[SourceVersion "1"]
[SourceVersionDate "2014.03.17"]
[SourceQuality "1"]

1. e4 {For five years I have been meeting Leinier in tournaments with
classical time controls. When I examined his games it occurred to me that
recently he has been playing the fashionable 6.d3 variation in the Ruy Lopez.
Seit fünf Jahren treffe ich in Turnieren mit klassischer Bedenkzeit auf
Leinier. Als ich seine Partien untersuchte, fiel mir auf, dass er in letzter
Zeit die modische Variante 6.d3 im Spanier spielte.} e5 2. Nf3 Nc6 3. Bb5 a6 4.
Ba4 Nf6 5. O-O Be7 6. d3 b5 {6...d6 is also an interesting move, but this time
I wanted to follow the analyses of Gabriel S.  6...d6 ist auch ein
interessanter Zug, aber diesmal wollte ich den Analysen von Gabriel S. folgen.}
7. Bb3 O-O 8. Nc3 {At the elite level, the plan with Nb1-c3 and a2-a3 was
first played in 2013 by Anand against Adams. White's idea is rather simple. He
would like to combine two plans: transfer the knight to g3 or exchange it on
d5 and follow up with d3-d4. Auf Elite-Niveau wurde der Plan mit Nb1-c3 und
a2-a3 erstmals 2013 von Anand gegen Adams gespielt. Die Idee von Weiß ist
ziemlich einfach. Er möchte zwei Ideen miteinander verbinden: den Springer
nach g3 überführen oder ihn auf d5 abtauschen und d3-d4 folgen lassen.} d6 9.
a3 ({Since time immemorial it has been known that after Seit anno dunnemals
ist bekannt, dass nach} 9. Nd5 Na5 {the exchnage of the b3-bishop leads to
equality. der Abtausch des Läufers b3 zum Ausgleich führt.}) 9... Na5 10. Ba2
Be6 {The first time this idea was employed was by the talented player and
theoretician Rustam Kasimdshanov in 2013 against Topalov.  Diese Idee wandte
erstmals der talentierte Spieler und Theoretiker Rustam Kasimdshanov 2013
gegen Topalov an.} 11. Bg5 {Since Black's play is more or less linked with the
advance c7-c5, White prepares for the battle over the light squares. Da das
Spiel von Schwarz so oder so mit dem Vorstoß c7-c5 verknüpft ist, bereitet
Weiß sich auf den Kampf um die weißen Felder vor.} c5 {Anyone who plays 11...
Nc6 in this position should strip naked and undergo a full-body scan. Since
this illogical move is considered by the computers to be the strongest...! 
Wer in dieser Stellung 11...Nc6 spielt, sollte sich nackt ausziehen und einer
Leibesvisitation unterziehen müssen. Denn dieser unlogische Zug wird von den
Computern für am stärksten gehalten...!} 12. b4 Nc6 13. Nd5 {At first sight
White has managed to control the play. But one thing requires to be taken into
account: the position of the pawn on b4 demolishes White's main idea of
occupying the d5-square and then opening the a-file and invading there,
because the b4-pawn would always be left hanging and the exchange on c5 would
be good for Black because he would then be able to get rid of his only
weakness, d6. Auf den ersten Blick hat Weiß es geschafft, das Spiel zu
kontrollieren. Aber man muss eines berücksichtigen: die Stellung des Bauern
auf b4 macht die Hauptidee des Anziehenden zunichte, den Punkt d5 zu besetzen
und dann die a-Linie zu öffnen und dort einzusteigen, denn hier würde immer
der Bauer b4 hängen und der Tausch auf c5 wäre gut für Schwarz, weil er sich
seiner einzigen Schwäche d6 entledigen könnte.} Bxd5 {I found this idea 25
minutes before the game and put my trust in it. Diese Idee fand ich 25 Minuten
vor der Partie und ich vertraute ihr.} ({After Nach} 13... Rc8) ({or oder} 
13... h6 {the black position might well be solid, but it would also be
slightly passive. wäre die schwarze Position zwar fest, aber auch ein bisschen
passiv.}) 14. exd5 Nd4 15. bxc5 Nxf3+ ({The position after Die Stellung nach} 
15... dxc5 16. Nxe5 Nxd5 17. Bd2 {seemed unpleasant to me during my home
analysis. erschien mir in der häuslichen Analyse unangenehm.}) 16. Qxf3 dxc5 {
I had been aiming for this position. If one looks at it with human eyes,
Black's subsequent play appears logical. But what White should do is even
harder to understand.  Auf diese Stellung hatte ich mich orientiert. Wenn man
mit menschlichen Augen draufschaut, erscheint das folgende Spiel von Schwarz
logisch. Aber was Weiß tun soll, ist schon schwieriger zu verstehen.} 17. Rfe1
{This move appears logical and I was also counting on it. Dieser Zug sieht
logisch aus und ich rechnete auch mit ihm.} ({Here I considered that Ich hielt
hier} 17. a4 {was the most important move for my opponent and I intended to
follow up with für den wichtigsten Zug für meinen Gegner, worauf ich} Qd6 {
and then Be7-d8. From d8 the bishop can go to c7 or be exchanged by means of
Nf6-d7. For the exchange of the dark-squared bishops would leave White with a
weak bishop on a2 compared to the strong black knight. nebst Be7-d8 folgen
lassen wollte. Der Läufer kann von d8 aus nach c7 gehen oder mittels Nf6-d7
abgetauscht werden. Denn der Tausch der schwarzfeldrigen Läufer beließe Weiß
einen schwachen Läufer auf a2 gegenüber einem starken schwarzen Springer.})
17... Nd7 {With this move Black begins to regroup.  Damit leitet Schwarz seine
Umgruppierung ein.} 18. Bd2 Bd6 {This prepares f7-f5.  Bereitet f7-f5 vor.} 19.
a4 ({In my opinion the strongest move here was the prophylactic Am stärksten
war hier meiner Meinung nach das prophylaktische} 19. Qf5 {By forcing g7-g6
White insures against a possible future rook lift with the f8-rook via the
sixth rank. Indem er g7-g6 erzwingt, versichert sich Weiß gegen einen späteren
etwaigen Schwenk des Tumes f8 über die sechste Reihe.}) 19... f5 20. Bb3 {
A mistake, which concedes the initiative to Black. Ein Fehler, der Schwarz die
Initiative überlässt.} ({White had to play Weiß musste} 20. Qh3 {, after which
te position would have remained balanced, even if Black's position might have
purely optically looked more promising in view of the plan with Kg8-h8
followed by f5-f4 and Rf8-f6. spielen, wonach die Position im Gleichgewicht
geblieben wäre. Auch wenn die Stellung von Schwarz im Hinblick auf den Plan
mit Kg8-h8 gefolgt von f5-f4 und Rf8-f6 rein visuell aussichtsreicherer
ausgesehen hätte.}) 20... e4 {Of course! The b3-bishop looks like a bird which
has been let free and then immediately put back into its cage.  Natürlich! Der
Läufer b3 wirkt jetzt wie ein Vogel, den man für eine Sekunde in die Freiheit
entlassen und dann gleich wieder in den Käfig gesteckt hat.} 21. dxe4 ({
Leinier had probably planned Leinier hatte wahrscheinlich} 21. Qh3 {and then
noticed that after it Black has at his disposal the good reply geplant und
dann bemerkt, das Schwarz darauf über die gute Antwort} Ne5 {, after which
White would have to accept going into the difficult position after verfügt,
wonach Weiß sich wohl auf die gefährliche Stellung nach} 22. dxe4 c4 23. Ba2 f4
{. einlassen müsste.}) 21... c4 22. Ba2 Qh4 {Now White's situation is very
unpleasant.  Jetzt ist die Lage von Weiß sehr unangenehm.} 23. e5 {The only
move. Der einzige Zug.} ({After Nach} 23. g3 Ne5 {the only way for White to
escape Black's attack would be very costly, könnte sich der Anziehende vom
schwarzen Angriff nur um einen hohen Preis freikaufen,}) ({whereas während} 23.
Qh3 Qxh3 24. gxh3 {is very ugly. Black would have the advantage after any
half-way logical move. sehr hässlich ist. Schwarz hätte danach bei jedem
halbwegs logischen Zug Vorteil.}) 23... Bxe5 {Since I was a point and a half
ahead of my opponent and since this game was being played in the last but one
round I chose the most reliable continuation. Da ich anderthalb Vorsprung auf
meinen Gegner hatte und diese Partie in der vorletzten Runde gespielt wurde,
wählte ich die zuverlässigste Fortsetzung.} ({After the strong Nach dem starken
} 23... Nxe5 24. Qg3 Qf6 25. Bc3 f4 26. Qh3 Rae8 {Black has a clear
superiority. hat Schwarz klares Übergewicht.}) 24. g3 Qg4 25. Qxg4 fxg4 26. c3
{In time trouble Leinier makes a major mistake. He had possibly overlooked my
reply. In Zeitnot unterläuft Leinier ein großer Fehler. Wahrscheinlich hatte
er meinen Antwortzug übersehen.} ({After Nach} 26. Rad1 {at the board schien
mir am Brett} Rf3 {appeared to me to be very strong, but after sehr stark zu
sein, aber nach} 27. Bb1 {White is not at all so badly placed. steht Weiß
nicht gar so schlecht.}) ({Probably I should have been satisfied with the
slight pressure after Wahrscheinlich hätte ich mich mit dem geringen Druck nach
} 26. Rad1 Rf6 {. zufriedengeben müssen.}) 26... Bf6 {This combines the
threats of Nd7-c5 and Nd7-e5 and secures a decisive advantage for Black. Das
verbindet die Drohungen Nd7-c5 sowie Nd7-e5 und sichert Schwarz entscheidenden
Vorteil.} ({Nicht ganz so einfach wäre} 26... Rf3 {would not be quite so
simple, since after , da Weiß nach} 27. Bb1 b4 28. d6 bxc3 29. Be3 c2 30. Bxc2
Bxa1 31. Rxa1 {White, in spite of his material concessions, would have good
chances of a draw on account of his active bishops. trotz der materiellen
Einbuße im Hinblick auf seine aktiven Läufer ausgezeichnete Remischancen hätte.
}) 27. Bb1 b4 ({Another possible move was Möglich war auch} 27... Ne5 28. Be4
Nf3+ 29. Bxf3 gxf3 {and White's weaknesses would no longer be able to be
defended. The plan I chose is not any worse, but is more complicated. und die
weißen Schwächen wären nicht mehr zu verteidigen. Der von mir gewählte Plan
ist nicht schlechter, aber komplizierter.}) 28. Re3 Rad8 {I liked this idea so
much in conjunction with my next move that I did not particularly investigate
even stronger moves.  Diese Idee gefiel mir in Verbindung mit meinem nächsten
Zug so gut, dass ich mich mit möglicherweise noch stärkeren Zügen nicht
besonders beschäftigte.} 29. Bf5 h5 30. Rd1 ({The only chance to prolong his
resistance consisted of Die einzige Chance, den Widerstand zu verlängern,
bestand in} 30. Rb1 Nc5 ({nicht gut ist} 30... b3 {is not good on account of
wegen} 31. Re4) 31. cxb4 Rxd5 32. bxc5 Rxf5 33. Bc3 {with a transition to a
rook ending in which Black would still have had to play accurately to win. mit
Übergang ins Turmendspiel, in dem Schwarz noch genau hätte spielen müssen, um
zu gewinnen.}) 30... b3 {The d5- and a4-pawns will soon fall and for that
reason White's situation is absolutely hopeless.  Die Bauern d5 und a4 werden
bald fallen, und aus diesem Grund ist die Lage von Weiß absolut hoffnungslos.}
31. Bc1 Bg5 32. Be6+ Kh8 33. Re2 ({After Auf} 33. Re4 {the simplest win would
have been hätte am einfachsten} Nc5 {. gewonnen.}) 33... Bxc1 34. Rxc1 Nc5 {
The remainder is elementary. Black closes in with the king and gobbles up the
d6-pawn.  Alles Weitere ist elementar. Schwarz nähert sich mit dem König an
und verspeist den Bauern d6.} 35. a5 Rfe8 36. Kf1 g6 37. Rce1 Kg7 38. d6 Rxe6
39. Rxe6 Nxe6 40. Rxe6 Rd7 41. Re8 Rxd6 42. Ke2 Rd3 0-1

[Event "TUR-chT"]
[Site "Kocaeli"]
[Date "2008.06.27"]
[Round "7"]
[White "Tuncer, Ufuk"]
[Black "Atalik, Suat"]
[Result "0-1"]
[WhiteElo "2306"]
[BlackElo "2592"]
[Annotator "Atalik,S"]
[PlyCount "142"]
[EventDate "2008.06.24"]
[EventType "team"]
[EventRounds "15"]
[EventCountry "TUR"]
[SourceTitle "CBM 125"]
[Source "ChessBase"]
[SourceDate "2008.07.30"]
[SourceVersion "1"]
[SourceVersionDate "2008.07.30"]
[SourceQuality "1"]

1. e4 e5 2. Nf3 Nc6 3. Bb5 a6 4. Ba4 Nf6 5. d3 $5 {In good hands this may
become a good weapon. Morozevich and Akopian are the practioners of this
Steinitzian line.} b5 6. Bb3 Be7 7. c3 O-O 8. Nbd2 d6 {I always do have a
preference for this} ({over} 8... d5 9. O-O $11) 9. Nf1 Na5 10. Bc2 c5 11. Ng3
Nc6 12. O-O Be6 (12... h6 13. h3 Be6 {is a better and more logical move order.}
) 13. h3 h6 14. d4 {The idea behind d3 is to play d4 at an appropriate moment.}
cxd4 15. cxd4 exd4 16. Nxd4 Nxd4 17. Qxd4 Rc8 {Now we are back to the game
Renner,Ch-Atalik,S, Augsburg 2004-5.} 18. Bb1 $146 (18. Bb3 d5 19. e5 Nd7 20.
Re1 (20. Bf4 g5 21. Be3 Nxe5 {and I do not see the point of refraining from
capturing a pawn.}) 20... Bc5 21. Qd3 (21. Qf4 $2 f6) 21... Qh4 $1 $17 {
and Black is controlling the game as I have analysed for the notes of my game
with Renner.}) (18. Bd3 {might have brought similar ideas without shutting in
the Ra1.} Nd7 $1 (18... d5 $6 19. e5 Nd7 20. Nf5 $40) (18... Re8 19. a4 Bc4 20.
axb5 axb5 $14) 19. Nh5 (19. Bf4 Bf6) 19... Bf6 (19... Nf6 20. Nf4 d5 21. exd5
Bc5 22. Qe5 Bd6 $11) 20. Nxf6+ Qxf6 21. Qxd6 Ne5 22. Be2 Rc6 23. Qa3 Bc4 $1 $44
) 18... Re8 (18... d5 $2 19. e5 Nd7 20. Qd3 $40) 19. Be3 Bf8 {Black is getting
prepared for the fianchetto.} 20. a4 {Maybe this one is not bad either but I
am not for such moves.} (20. Qd2 $142 Nd7 $1 (20... d5 $6 21. e5 Ne4 22. Nxe4
dxe4 23. Bxe4 Bc4 24. Rfd1 Qxd2 25. Rxd2 Rxe5 26. Bb7 Rce8 27. Bxa6 $16 {
is obviously to White's advantage.}) 21. Bc2 (21. f4 Be7 $1) 21... Qh4 $132)
20... Bc4 21. Re1 $6 (21. Rd1 $2 bxa4) (21. Rc1 $142 $1 {has its points.} d5
22. e5 Nd7 23. b3 Bc5 24. Qb2 d4 25. Bxd4 Bxb3 26. Bxc5 Rxc5 27. Rxc5 Nxc5 28.
axb5 axb5 $13) 21... bxa4 $1 {Black takes over the initiative.} 22. Rxa4 Bb5
23. Ra1 d5 24. exd5 {After this I sank into deep thought.} (24. e5 $2 Rc4 25.
Qb6 Qxb6 26. Bxb6 Nd7 $19 {wins a pawn.}) 24... Rc4 (24... Nxd5 25. Bd2 Rxe1+
26. Bxe1 Bc5 27. Qe4 Nf6 28. Qf3 Bd4 $17 {may be better than the game
continuation.}) 25. Qd1 Bb4 26. Re2 (26. Bd3 $2 Bxe1 27. Bxc4 Rxe3 $1 28. fxe3
Bxg3 {is basically what I calculated during the game .} 29. Qd4 (29. b3 Qe8 $17
) 29... Qe8 30. Bxb5 axb5 31. d6 Be5 32. Qc5 Bxb2 33. Rd1 b4 34. Qxb4 Qxe3+ 35.
Kh1 Be5 $19) ({After} 26. b3 $5 {saw} Rf4 $1 $17 {But I was not sure.}) (26.
Bd2 $5 {This looks absolutely unplayable but White can try to sac the queen
which did not cross my mind during the game.} Qxd5 $1 (26... Rd4 27. Bxb4 Rxd1
28. Rxd1 Nxd5 29. Be4 Nxb4 30. Rxd8 Rxd8 $15) 27. Bxb4 Qxd1 28. Rxd1 Rxb4 29.
Rd6 Rxb2 30. Bd3 h5 $5 $17) 26... Nxd5 27. Bd3 $6 {This gave me a slight and
pleasant surprise.} (27. Ba2 $142 $1 Nxe3 28. Rxe3 Qxd1+ (28... Rc7 29. Rxe8+
Qxe8 30. Qg4 a5 $15) (28... Rd4 29. Qh5) 29. Rxd1 Rcc8 $15 (29... Rc2 30. Rxe8+
Bxe8 31. Rd8 Kf8 32. Bb3 Rc1+ 33. Kh2 Ke7 34. Ra8 Bd6 35. Rxa6 Rb1 $44)) 27...
Nxe3 28. fxe3 (28. Rxe3 $6 Rd4 29. Rxe8+ Bxe8 30. Qb3 a5 $17) 28... Rc5 29.
Bxb5 Qxd1+ 30. Rxd1 Rxb5 $1 $17 {Black takes control of the game. Now b2 is
weaker than ever.} 31. Rd7 g6 32. Nf1 Re7 33. Rd3 {Draw offer. Well there is a
lot to say about this. The guy who has lost all his games so far in the league,
who has almost 300 points less in the rating scale and on the top of
everything who is in a very bad position offers a draw. What does he expect?
The flea market mentality will never die!} Rc7 34. Rd8+ Kg7 35. Rd1 Be7 $19 {
And the b2 pawn is doomed.} 36. Ra1 Rc6 $5 (36... a5 37. Ng3 Bf6 38. Ra2 (38.
Ne4 Bxb2 39. Nd6 Bxa1 40. Nxb5 Rc4 41. Ra2 Be5 42. Rxa5 Rc5 $19 {is one of
many possible lines.}) 38... Rc4 $19 {dominates!} (38... Rcb7 39. Ne4 {annoyed
me. That is why I chose the move in the game, in order to avoid the fork on d6.
})) 37. Ng3 Bf6 38. Rb1 (38. Ra2 Rcb6) 38... Rcb6 39. Ne4 Bxb2 $5 {I relied
too much on the rook endgame which turned out to be correct but I might have
kept the bishop.} (39... Be5 $19) (39... Rxb2 40. Rexb2 Rxb2 41. Rd1 Be7 42.
Rd7 Bb4 43. Ra7 a5 $19) 40. Nd6 $1 Rxd6 41. Rbxb2 Rxb2 42. Rxb2 a5 {I thought
that the rook behind the pawn would have led to an easy win like in the 34th
game of Alekhine-Capablanca World Championship Match, Buenos Aires,1927.} 43.
Ra2 Ra6 44. Ra4 {Now starts the second phase, kings up.} Kf6 45. Kf2 Ke5 46.
Ke2 Kd5 47. Kd3 Kc5 48. Kc3 Kb5 49. Rf4 $8 {The only move to stay in the game.}
(49. Kb3 $2 Re6 50. e4 f5 $19 {loses on the spot.}) 49... a4 $1 {First the
pawn should walk as far as possible.} 50. Kb2 (50. Rxf7 $2 a3 51. Rf1 a2 52.
Ra1 (52. Kb2 $2 a1=Q+ 53. Rxa1 Rxa1 54. Kxa1 Kc4 $19) 52... Kc5 53. e4 Kd6 54.
Kd4 Ra4+ $19) 50... a3+ 51. Ka2 f5 {No pawn exchanges are possible after this
move.} 52. Rd4 (52. e4 Ra4 $19) (52. g4 Ra4 53. Rf3 fxg4 54. hxg4 Rxg4 $19 {
in both cases Black easily wins the game.}) 52... Kc5 53. Rd8 (53. g4 fxg4 54.
Rxg4 (54. hxg4 Re6 55. Rd3 Re4 $19) 54... Kd5 55. Rd4+ Ke5 56. h4 g5 $19 {
and the second passer decides the game.}) 53... Kb4 $6 {Not the most accurate.}
(53... Re6 $1 54. Rd3 (54. Kxa3 Rxe3+ 55. Ka4 Re2 $19) 54... Rd6 $19 {with a
trivial win.}) 54. Rd3 $2 {He had a better move to confuse the issue.} (54. e4
$1 fxe4 (54... f4 55. e5 g5 (55... Kc5 56. h4 Re6 57. Rf8 g5 58. Rf5 Rg6 59.
hxg5 hxg5 60. Kxa3 Kd5 61. Kb3 Ke6 62. Rf8 Kxe5 63. Kc3 Ra6 $19) 56. Rd6 Ra5
57. Rb6+ Rb5 58. Re6 Rd5 59. Rb6+ Kc3 60. Rc6+ Kd4 61. e6 Re5 62. Kxa3 Kd5 63.
Rc2 Rxe6 $19 {should be winning as well.}) 55. Rd4+ Kc3 56. Rxe4 Kd3 57. Re8 h5
$19) 54... Kc4 55. Rd4+ Kc3 56. g4 fxg4 57. hxg4 g5 $1 $19 {Now it is all gone.
} 58. Rd8 Re6 (58... Ra4 59. Rd6 Rxg4 60. Rxh6 Kd3 61. Rh3 Rg2+ 62. Kxa3 g4 $19
{leads to Lucena.}) 59. Rc8+ Kd2 60. Kxa3 Rxe3+ (60... Kxe3 $19 {is also
winning of course.}) 61. Kb2 Re4 62. Rc2+ Ke3 63. Rc6 (63. Rh2 Rxg4 64. Rxh6
Rc4 $19) 63... Rxg4 64. Rxh6 Rc4 65. Kb3 Rc8 66. Re6+ Kf3 67. Rf6+ Kg3 68. Rd6
g4 69. Rd3+ Kh2 70. Rd2+ Kh3 71. Rd3+ g3 0-1